000 00816nam a22001577a 4500
003 OSt
005 20150921171824.0
008 150921b xxu||||| |||| 00| 0 eng d
040 _cRUA
082 _aAGR HEN 2008 B035 Or.1
100 _91058
_aHENG SOCHEAT
245 _aEffect of hill spacing and seedling number n growth and yield of riang chey rice vaiety at royal university of agriculture,(ឥទ្ធិពលនៃចន្លោះគុម្ព និង​ចំនួនសំណាបស្ទូងលើការលូតលាស់ និងទិន្នផលនៃពូជស្រូវរាំងជ័យ នៅសាកលវិទ្យាល័យភូមិន្ទកសិកម្ម)
260 _aphnom penh
_bRUA
_c2008
300 _axii,49p.
_cill.
_g29cm.
942 _2ddc
_cAGR
999 _c1014
_d1014